[Event "56th ch-YUG"]
[Site "Herceg Novi YUG"]
[Date "2001.03.26"]
[Round "4"]
[White "Kosic,D"]
[Black "Tadic,B"]
[Result "1/2-1/2"]
[WhiteElo "2504"]
[BlackElo "2407"]

1.d4 d5 2.c4 c6 3.Nf3 Nf6 4.Nbd2 e6 5.e3 Nbd7 6.Bd3 c5 7.O-O Bd6 8.b3 O-O
9.Bb2 cxd4 10.exd4 b6 11.Qe2 Bb7 12.Ne5 g6 13.Rad1 Rc8 14.Qe3 Re8 15.Ndf3 Ne4
16.Bxe4 dxe4 17.Ng5 f5 18.Nef7 Qe7 19.Qh3 h5 20.Nxd6 Qxd6 21.Qc3 b5 22.c5 Qd5
23.Nh3 Nf8 24.Nf4 Qd8 25.d5 e5 26.c6 Qd6 27.b4 Ba8 28.Nh3 Nh7 29.Qg3 Rc7
30.Ng5 Nf8 31.Ne6 f4 32.Qg5 Nxe6 33.Qxg6+ Kf8 34.Qh6+ Rg7 35.dxe6 Qxe6 36.Qxe6 Rxe6
37.Rd8+ Re8 38.Rxe8+ Kxe8 39.Bxe5 Rf7 40.Rc1 Kd8 41.Kf1 Rf5 42.Rc5 Kc8 43.h4 a6
44.f3 exf3 45.gxf3 Rf8 46.Kf2 Rf5 47.Ke2 Rf8 48.a3 Re8 49.Kf2 Rf8 50.Bc3 Rd8
51.Ke2 Re8+ 52.Be5 Rf8 53.Kd3 Re8 54.Ke4 Re6 55.Kd5 Rxc6 56.Rxc6+ Kd7 57.Ke4 Bxc6+
58.Kxf4 Ke6 59.Bc7 Bb7 60.Ke3 Kd5  1/2-1/2

[Event "Target Recruitment Masters"]
[Site "Belfast IRL"]
[Date "2001.03.31"]
[Round "3"]
[White "Daly,C"]
[Black "Baburin,A"]
[Result "1/2-1/2"]
[WhiteElo "2367"]
[BlackElo "2598"]

1.Nf3 d5 2.d4 c6 3.c4 dxc4 4.a4 Nf6 5.e3 Bg4 6.Bxc4 e6 7.Nbd2 Nbd7 8.h3 Bh5
9.O-O Be7 10.Be2 O-O 11.Nc4 c5 12.Bd2 Rc8 13.Qb3 cxd4 14.exd4 Nb6 15.Rfc1 Nxc4
16.Rxc4 Rxc4 17.Qxc4 Nd5 18.a5 Bf6 19.Rc1 Qd6 20.b4 Nf4 21.Bxf4 Qxf4 22.d5 Qxc4
23.Rxc4 exd5 24.Rc7 Rb8 25.Rd7 Bc3 26.Rxd5 Bg6 27.Rd7 Bxb4 28.a6 bxa6 29.Rxa7 a5
30.Bc4 Rc8 31.Ne5 Bd6 32.Nxg6  1/2-1/2

[Event "7th Open"]
[Site "Werther GER"]
[Date "2001.04.07"]
[Round "3"]
[White "Kopylov,M"]
[Black "Broehl,S"]
[Result "1-0"]
[WhiteElo "2452"]
[BlackElo "2209"]

1.d4 d5 2.Nf3 Nf6 3.c4 c6 4.Qc2 g6 5.Bf4 Na6 6.e3 Bf5 7.Qb3 Nb4 8.Qxb4 e5
9.Qxb7 Rb8 10.Qxa7 exf4 11.Ne5 Bb4+ 12.Nc3 O-O 13.Be2 Ne4 14.O-O fxe3 15.Nxe4 dxe4
16.Nxc6 Qg5 17.Nxb8 Bh3 18.g3 exf2+ 19.Rxf2 Bd6 20.d5 Bxb8 21.Qd4 f5 22.d6 f4
23.c5 h5 24.Qxe4 fxg3 25.Rxf8+ Kxf8 26.Qe7+  1-0

[Event "It"]
[Site "Antalya TUR"]
[Date "2001.04.09"]
[Round "12"]
[White "Popchev,M"]
[Black "Haznedaroglu,K"]
[Result "1/2-1/2"]
[WhiteElo "2482"]
[BlackElo "2357"]

1.d4 d5 2.c4 c6 3.Nf3 Nf6 4.Qc2 dxc4 5.Qxc4 Bf5 6.g3 e6 7.Bg2 Be7 8.O-O O-O
9.Nc3 Nbd7 10.e3 b5 11.Qe2 b4 12.Nb1 Rc8 13.b3 c5 14.Bb2 cxd4 15.Nxd4 Be4
16.Rd1 Qb6 17.Nd2 Bxg2 18.Kxg2 Rfd8 19.Nc4 Qa6 20.a3 Qb7+ 21.Qf3 Nd5 22.Nf5 N7f6
23.Nxe7+ Qxe7 24.axb4 Nxb4 25.Bxf6 gxf6 26.e4 Rxd1 27.Rxd1 Rd8 28.e5 Rxd1
29.Qxd1 Nd5 30.exf6 Qxf6  1/2-1/2

[Event "ch-CUB"]
[Site "Las Tunas CUB"]
[Date "2001.04.09"]
[Round "9"]
[White "Gomez,Fe"]
[Black "Perez,Rod"]
[Result "1/2-1/2"]
[WhiteElo "2462"]
[BlackElo "2471"]

1.d4 d5 2.Nf3 c6 3.c4 dxc4 4.e3 Be6 5.a4 Nf6 6.Na3 c5 7.Nxc4 Nc6 8.a5 a6
9.Nb6 Rb8 10.Qa4 Nd7 11.Nxd7 Bxd7 12.dxc5 g6 13.Be2 Bg7 14.Qa3 O-O 15.O-O Qc7
16.Bd2 Rfd8 17.Bc3 Bxc3 18.Qxc3 Be8 19.b4 Rbc8 20.Rfd1 Rxd1+ 21.Rxd1 Rd8
22.Rxd8 Qxd8 23.Nd4 Nxd4 24.Qxd4 Qc7 25.h4 h5 26.f4 Bc6 27.Kf2 Qc8 28.Kg3 Qe6
29.Bf3 Bxf3 30.gxf3 Qb3 31.f5 gxf5 32.Qd8+ Kg7 33.Qxe7 Qxb4 34.Qg5+ Kh8 35.Qxh5+ Kg8
36.Qg5+ Kh8 37.Qd8+ Kh7 38.Qe7 Kg8 39.Qg5+ Kh8 40.Qf6+ Kg8 41.h5 f4+ 42.Qxf4 Qxa5
43.Qg5+ Kf8 44.h6 Qe1+ 45.Kf4 Qb4+ 46.Kg3 Qe1+ 47.Kf4 Qb4+ 48.Kg3  1/2-1/2

[Event "32nd Open"]
[Site "Mar del Plata ARG"]
[Date "2001.04.14"]
[Round "8"]
[White "Slipak,S"]
[Black "Labollita,M"]
[Result "1-0"]
[WhiteElo "2448"]
[BlackElo "2386"]

1.d4 d5 2.c4 c6 3.Nf3 Nf6 4.Qc2 dxc4 5.Qxc4 Bf5 6.g3 e6 7.Nc3 Nbd7 8.Bg2 Be7
9.O-O O-O 10.e3 Ne4 11.Rd1 Nxc3 12.bxc3 Bc2 13.Re1 Be4 14.Qb3 c5 15.Nd2 Bxg2
16.Kxg2 Nb6 17.Nf3 Qd7 18.e4 Rfc8 19.Bf4 Qa4 20.Rab1 Qxb3 21.Rxb3 cxd4 22.cxd4 Rc4
23.Ra1 Rd8 24.a4 Rb4 25.Rxb4 Bxb4 26.Rb1 Bc3 27.Bc7 Rd7 28.Bxb6 axb6 29.Rc1 Bb4
30.Rc8+ Bf8 31.Kf1 f6 32.Ke2 Kf7 33.Kd3 Be7 34.Kc4 Ba3 35.Kb5 Bb2 36.Rc4 e5
37.d5 f5 38.exf5 Rxd5+ 39.Kxb6 Kf6 40.Kxb7 Rd3 41.Nh4 Rb3+ 42.Kc6 Bd4 43.f4 Bg1
44.fxe5+ Kxe5 45.Rc2 Kf6 46.Ra2 Rc3+ 47.Kd5 Kg5 48.a5 Kg4 49.a6 Rc7 50.Kd6 Ra7
51.Ra4+ Kh3 52.Nf3 Bxh2 53.Nxh2 Kxh2  1-0

[Event "Solett Open"]
[Site "Skelleftea SWE"]
[Date "2001.04.15"]
[Round "8"]
[White "Gausel,E"]
[Black "Hector,J"]
[Result "0-1"]
[WhiteElo "2480"]
[BlackElo "2546"]

1.d4 d5 2.c4 c6 3.Nf3 Nf6 4.Qc2 g6 5.Bf4 Na6 6.Nbd2 Bg7 7.e3 O-O 8.a3 c5
9.Be5 cxd4 10.Bxd4 Bf5 11.Qb3 b6 12.cxd5 Nc5 13.Qa2 Rc8 14.Bc4 Bd3 15.Rd1 Bxc4
16.Qxc4 Qxd5 17.O-O Qxc4 18.Nxc4 Ne6 19.Bxf6 Bxf6 20.Nce5 Rfd8 21.Rxd8+ Nxd8
22.g3 Rc2 23.Rd1 Ne6 24.Rd7 Rxb2 25.Rxa7 Nc5 26.h4 Ne4 27.Nd3 Rb3 28.Nf4 h6
29.Ra4 Nc3 30.Ra8+ Kg7 31.Nd2 Rb2 32.Nc4 Rb1+ 33.Kg2 b5 34.Nb6 Rd1 35.Ra7 Rd2
36.Nc8 Kf8 37.Ra8 e5 38.Na7+ Kg7 39.Nh3 Ra2 40.Nc6 Nb1 41.Ra5 Nc3 42.g4 g5
43.hxg5 hxg5 44.Nb4 Rd2 45.Ra6 Be7 46.Ra7 Bf6 47.Rc7 Nb1 48.e4 Rd4 49.Nd5 Rxe4
50.f3 Re2+ 51.Kf1 Rb2 52.Nxf6 Nd2+ 53.Ke2 Kxf6 54.Ke3 Kg6 55.Rc8 Nc4+ 56.Kd3 Rd2+
57.Kc3 Rh2 58.Rh8 Kg7 59.Rh5 f6 60.f4 gxf4 61.Nxf4 Ra2 62.Nd5 Rxa3+ 63.Kb4 Rg3
64.Kxb5 Ne3 65.Ne7 Kf7 66.Rh7+ Ke6 67.Nc6 Rxg4 68.Rh8 Rg1  0-1

[Event "GM"]
[Site "Hampstead ENG"]
[Date "2001.04.21"]
[Round "7"]
[White "Plaskett,J"]
[Black "Rizouk,A"]
[Result "1/2-1/2"]
[WhiteElo "2461"]
[BlackElo "2406"]

1.d4 Nf6 2.Nf3 d5 3.c4 c6 4.Qc2 e6 5.Nbd2 Nbd7 6.g3 Bd6 7.Bg2 O-O 8.O-O Qe7
9.e4 dxe4 10.Nxe4 Nxe4 11.Qxe4 e5 12.dxe5  1/2-1/2

[Event "Cat V"]
[Site "Vukovar CRO"]
[Date "2001.04.21"]
[Round "9"]
[White "Szuhanek,R"]
[Black "Novakovic,D"]
[Result "1/2-1/2"]
[WhiteElo "2410"]
[BlackElo "2403"]

1.Nf3 d5 2.d4 c6 3.c4 Nf6 4.Qc2 e6 5.g3 Bb4+ 6.Nbd2 Ne4 7.Bg2 Nxd2 8.Bxd2 Bxd2+
9.Nxd2 O-O 10.O-O Nd7 11.e4 dxe4 12.Nxe4 Nf6 13.Rfd1 Qe7 14.Qe2 Rd8 15.Rd2 Bd7  1/2-1/2

[Event "Open"]
[Site "Cutro ITA"]
[Date "2001.04.22"]
[Round "1"]
[White "Mollov,E"]
[Black "Vismara,D"]
[Result "1-0"]
[WhiteElo "2415"]
[BlackElo "2231"]

1.d4 d5 2.Nf3 c6 3.c4 Nf6 4.Qc2 dxc4 5.Qxc4 Bf5 6.g3 Nbd7 7.Bg2 e6 8.O-O Be7
9.Nc3 Ne4 10.e3 Nxc3 11.bxc3 Be4 12.Qe2 O-O 13.Bh3 Qa5 14.Nd2 Qxc3 15.Nxe4 Qxa1
16.Qc2 Ne5 17.dxe5 Qxe5 18.Bb2 Qh5 19.Qc3 Qh6 20.g4 Rad8 21.g5 Qg6 22.f4 f5
23.Ng3 Rd5 24.e4 Rc5 25.Qf3 fxe4 26.Qxe4 Kf7 27.Re1 Qxe4 28.Rxe4 Rd8 29.Bxe6+ Kf8
30.Bb3 Rd7 31.Nh5 g6 32.Bg7+ Ke8 33.Nf6+ Kd8 34.Nxd7 Kxd7 35.Be6+ Kc7 36.Bg8 Rc1+
37.Kg2 Bc5 38.Re2 Rg1+ 39.Kf3 Rf1+ 40.Ke4 Bd6 41.Be5 Bxe5 42.fxe5 Rg1 43.e6 Kd6
44.Rd2+ Ke7 45.Rd7+ Ke8 46.h4  1-0

[Event "Open"]
[Site "Dubai UAE"]
[Date "2001.04.22"]
[Round "7"]
[White "Afshari,M"]
[Black "Kusnetsov,K"]
[Result "1-0"]
[WhiteElo "2206"]
[BlackElo "2146"]

1.Nf3 d5 2.d4 Nf6 3.c4 c6 4.Qc2 g6 5.Bf4 Bg7 6.h3 O-O 7.e3 Bf5 8.Qb3 Qc8
9.Nc3 dxc4 10.Bxc4 b5 11.Be2 a6 12.O-O c5 13.dxc5 Qxc5 14.Rac1 Be6 15.Qd1 Qb6
16.Nd4 Nbd7 17.Bf3 Rac8 18.Nxe6 Qxe6 19.Bb7 Rcd8 20.Bc7 Rde8 21.Nd5 Nb8 22.Qb3 Nfd7
23.f4 Nf6 24.Rfe1 Ne4 25.Qb4 Nf6 26.e4 Nxd5 27.Bxd5 Qf6 28.e5 Qf5 29.Re3 Bh6
30.Rf3 Qd7 31.Rd3 Qf5 32.Rd4 Qc8 33.Rc3 Qf5 34.Re4 Qd7 35.Rd4 Qf5 36.Bb3 Kh8
37.g4 Qb1+ 38.Rd1 a5 39.Qxa5 Qe4 40.g5 b4 41.Rc2 Bg7 42.Rf2 f6 43.gxf6 exf6
44.e6 f5 45.Qd5 Qe3 46.Qd3 Rxe6 47.Bxe6 Qxe6 48.Qd6 Qc8 49.Bxb8 Qxb8 50.Qxb8 Rxb8
51.Rd7 Re8 52.Rc2 h6 53.b3 g5 54.Kg2 Rg8 55.Rcc7 Kh7 56.Kf3 Kg6 57.Rc6+ Kh5
58.Rb7 Bc3 59.Rbb6 g4+ 60.hxg4+ fxg4+ 61.Kg2 Rh8 62.a4 Bd2 63.f5 Kg5 64.f6 Rf8
65.a5 h5 66.Rb5+ Kg6 67.f7+ Kg7 68.Rxh5 Rxf7 69.Rc4 Bf4 70.Rh4 Bc7 71.Rhxg4+ Kf8
72.Rxb4 Bxa5 73.Rb8+ Ke7 74.Rb7+ Ke6 75.Rxf7 Kxf7  1-0

[Event "2nd ch-EUR Women"]
[Site "Warsaw POL"]
[Date "2001.04.23"]
[Round "2"]
[White "Kludacz,M"]
[Black "Kononenko,T"]
[Result "0-1"]
[WhiteElo "2203"]
[BlackElo "2361"]

1.d4 d5 2.c4 c6 3.Nf3 Nf6 4.Qc2 dxc4 5.Qxc4 Bf5 6.g3 e6 7.Bg2 Nbd7 8.O-O Be7
9.Nc3 O-O 10.Re1 Ne4 11.Qb3 Qb6 12.Nh4 Qxb3 13.axb3 Bxh4 14.gxh4 Nef6 15.e4 Bg6
16.Bf4 Rfe8 17.Bd6 a6 18.d5 cxd5 19.exd5 e5 20.f4 exf4 21.Bxf4 Nc5 22.d6 Red8
23.Re7 Rab8 24.d7 Ra8 25.b4 Nd3 26.Bxb7 Nxf4 27.Bxa8 Kf8 28.Re8+ Nxe8 29.dxe8=Q+ Rxe8
30.Rxa6 Re1+ 31.Kf2 Nd3+ 32.Kg3 Bf5 33.Nd5 Be4 34.h5 Rg1+ 35.Kh4 Ne5 36.Ne3 g5+
37.hxg6 Nxg6+ 38.Kh5 Bd3 39.Rd6 Kg7 40.Rxd3 Nf4+ 41.Kh4 Nxd3 42.b5 Re1 43.Nc4 Ra1
44.Bd5 Ra4 45.Kg5 Rb4 46.Nd6 h6+  0-1

[Event "Zone 3.2a"]
[Site "Manila PHI"]
[Date "2001.04.27"]
[Round "6"]
[White "Adianto,U"]
[Black "Villamayor,B"]
[Result "1/2-1/2"]
[WhiteElo "2589"]
[BlackElo "2560"]

1.d4 d5 2.c4 c6 3.Nf3 Nf6 4.Nbd2 Bf5 5.Qb3 Qb6 6.Qxb6 axb6 7.cxd5 cxd5 8.e3 Nc6
9.Bb5 Bd7 10.a3 e6 11.O-O Bd6 12.Nb3 Na5 13.Bxd7+ Kxd7 14.Nxa5 bxa5 15.Bd2 Ne4
16.Rfc1 a4 17.Kf1 g5 18.h3 h5 19.Bb4 Bxb4 20.Ne5+ Ke8 21.axb4 f6 22.Nd3 Kd7
23.f3 Nd2+ 24.Ke2 Nb3 25.Nc5+ Nxc5 26.bxc5 Kc6 27.Kd3 e5 28.Ra3 Ra6 29.Rca1 Rha8
30.Kc3 Kb5 31.g4 hxg4 32.hxg4 b6 33.cxb6 Rxb6 34.Rb3+ Kc6 35.Rxb6+ Kxb6 36.Kb4 exd4
37.exd4 Re8 38.Rxa4 Re2 39.b3 Rd2 40.Kc3 Rf2 41.Rb4+ Kc6 42.Ra4 Rxf3+ 43.Kb4 Kb6
44.Ra8 Rd3 45.Rb8+ Kc6 46.Rc8+ Kd7 47.Ra8 Rxd4+ 48.Kc5 Rd1 49.Ra6 Ke7 50.b4 d4
51.b5 d3 52.Kd4 d2 53.Kd3 Rg1 54.Kxd2 Rxg4 55.Kc3 Rg3+ 56.Kc2 Re3 57.Ra7+ Ke6
58.Ra6+ Kf7 59.b6 Re5 60.Ra3 Re8 61.b7 Rb8 62.Rb3 Kg6 63.Kd3 Kf5 64.Rb4 g4
65.Ke3 Kg5 66.Kf2 Kh4 67.Rb5 f5 68.Rxf5 Rxb7 69.Rd5 Rb2+ 70.Kg1 Kh3 71.Rd3+  1/2-1/2

[Event "2nd ch-EUR Women"]
[Site "Warsaw POL"]
[Date "2001.05.02"]
[Round "10"]
[White "Hasanova,E"]
[Black "Ionescu Brandis,I"]
[Result "0-1"]
[WhiteElo "2249"]
[BlackElo "2339"]

1.d4 d5 2.Nf3 Nf6 3.c4 c6 4.Qc2 dxc4 5.Qxc4 Bf5 6.g3 e6 7.Bg2 Be7 8.O-O O-O
9.e3 Nbd7 10.Nc3 Ne4 11.Nd2 Nd6 12.Qe2 e5 13.dxe5 Nxe5 14.e4 Bg4 15.f3 Be6
16.b3 Qa5 17.Bb2 Rfd8 18.Rfd1 Bf6 19.Rac1 Nb5 20.Nxb5 Nd3 21.Nf1 Nxc1 22.Rxc1 Bxb2
23.Qxb2 Qxb5 24.f4 f6 25.f5 Bf7 26.g4 Qb6+ 27.Kh1 Qd4 28.Qe2 a5 29.g5 fxg5
30.e5 Bd5 31.e6 Bxg2+ 32.Qxg2 Qf4 33.Qc2 Rd5 34.Ng3  0-1

[Event "2nd ch-EUR Women"]
[Site "Warsaw POL"]
[Date "2001.05.03"]
[Round "11"]
[White "Kadziolka,B"]
[Black "Chmielinska,A"]
[Result "1-0"]
[WhiteElo "2164"]
[BlackElo "2047"]

1.Nf3 Nf6 2.c4 c6 3.d4 d5 4.Qc2 e6 5.Bf4 Be7 6.e3 O-O 7.Bd3 dxc4 8.Bxc4 Qa5+
9.Nbd2 Nbd7 10.O-O h6 11.a3 Nh5 12.Bg3 Nxg3 13.hxg3 Qh5 14.Rac1 e5 15.Ba2 exd4
16.exd4 Nf6 17.Bb1 g6 18.Rfe1 Nd5 19.Qb3 Bf6 20.Ne5 a5 21.Be4 a4 22.Qc4 Bxe5
23.dxe5 Be6 24.Qc2 Qg5 25.Nf3 Qe7 26.Bxg6 fxg6 27.Qxg6+ Kh8 28.Qxh6+ Kg8
29.Qg6+ Kh8 30.Rc4 Bf5 31.Rh4+ Qxh4 32.Nxh4 Bxg6 33.Nxg6+ Kg7 34.Nxf8 Rxf8
35.f4 Kg6 36.Kf2 Kf5 37.Kf3 Rg8 38.Rh1 Rg7 39.g4+ Ke6 40.Rh6+ Ke7 41.f5 Rf7
42.Ke4 Nb6 43.g5 Nd7 44.f6+ Ke6 45.g6 Rf8 46.g7 Rg8 47.Rh8 Nc5+ 48.Kd4 Nb3+
49.Kc3 Kxe5 50.Rxg8 Kxf6 51.Rb8 Kxg7 52.Rxb7+ Kf6 53.Rxb3  1-0

[Event "IV Rapidplay"]
[Site "Mirabal ESP"]
[Date "2001.05.05"]
[Round "2"]
[White "Piera,J"]
[Black "Lalic,B"]
[Result "0-1"]
[WhiteElo "2118"]
[BlackElo "2501"]

1.d4 d5 2.c4 dxc4 3.Nf3 c6 4.e3 Be6 5.Nc3 b5 6.a4 b4 7.Na2 a5 8.Ng5 Bd5 9.e4 h6
10.exd5 hxg5 11.Bxc4 cxd5 12.Bb5+ Nd7 13.Bxg5 Nf6 14.Bxf6 gxf6 15.Bc6 Rc8
16.Bxd5 e6 17.Qe2 Rh4 18.O-O Rxd4 19.Rfd1 Bc5 20.Rxd4 Bxd4 21.Bc4 Ke7 22.Rd1 Qb6
23.Bb5 Ne5 24.Nc1 Rg8 25.Nb3 Qb7 26.Qf1 Bb6 27.Kh1 Qe4 28.Nd2 Qh7 29.Nc4 Ng4
30.h3 Nxf2+ 31.Kh2 Bc7+ 32.Nd6 Nxd1  0-1

[Event "Golden Cleopatra Open"]
[Site "Cairo EGY"]
[Date "2001.05.08"]
[Round "7"]
[White "Omearat,A"]
[Black "Rausis,I"]
[Result "0-1"]
[WhiteElo "2226"]
[BlackElo "2500"]

1.d4 d5 2.Nf3 c6 3.c4 dxc4 4.a4 Nf6 5.Nc3 Na6 6.e4 Bg4 7.Bxc4 Bxf3 8.gxf3 e6
9.Be3 Be7 10.O-O Nb4 11.Kh1 O-O 12.Rg1 g6 13.f4 a6 14.a5 c5 15.dxc5 Qc7 16.e5 Qc6+
17.Rg2 Rfd8 18.Qa4 Nfd5 19.Bxd5 Nxd5 20.Qxc6 bxc6 21.Nxd5 Rxd5 22.b4 Rb8
23.Ra4 Kf8 24.Rg1 h6 25.Kg2 Rd3 26.Rb1 g5 27.fxg5 Bxg5 28.Bxg5 hxg5 29.Raa1 Rd5
30.Ra3 Rxc5 31.Rd3 Rxa5 32.bxa5 Rxb1 33.Rd8+ Kg7 34.Ra8 Rb5 35.Rxa6 Rxe5
36.Rxc6 Rxa5 37.Rc3 f5 38.h3 Kf6 39.Re3 Re5 40.Ra3 Re4 41.Ra5 Rd4 42.Ra3 f4
43.Ra5 Rd3 44.Ra8 Kf5 45.Rf8+ Ke4 46.Rf6 e5 47.Ra6 Rc3 48.Ra4+ Kd5 49.Ra8 Rc1
50.Rg8 Ke4 51.Rf8 Kd3 52.Ra8 e4 53.Ra3+ Kd2 54.Ra2+ Ke1 55.Ra5 f3+ 56.Kg3 Ke2
57.Ra2+ Kf1 58.Ra5 Ke2 59.Ra2+ Kd3 60.Ra3+ Kd4 61.Ra4+ Ke5 62.Ra5+ Kf6 63.Ra6+ Kf5
64.Ra5+ Kg6 65.Re5 Rg1+ 66.Kh2 Rg2+ 67.Kh1 Rxf2 68.h4 Re2 69.Rxg5+ Kf6 70.Rg8 Ke7
71.Rg7+ Ke6 72.Rg6+ Ke5 73.Rg5+ Kf4 74.Rg8 Re1+ 75.Kh2 f2  0-1

[Event "54th ch-RUS"]
[Site "Elista RUS"]
[Date "2001.05.08"]
[Round "8"]
[White "Pigusov,E"]
[Black "Burmakin,V"]
[Result "1/2-1/2"]
[WhiteElo "2584"]
[BlackElo "2522"]

1.Nf3 d5 2.d4 c6 3.c4 Nf6 4.Qb3 dxc4 5.Qxc4 Bf5 6.g3 e6 7.Bg2 Nbd7 8.Nc3 Be7
9.O-O Ne4 10.e3 O-O 11.Qe2  1/2-1/2

[Event "54th ch-RUS"]
[Site "Elista RUS"]
[Date "2001.05.08"]
[Round "8"]
[White "Diu,V"]
[Black "Utnasunov,A"]
[Result "0-1"]
[WhiteElo "2445"]
[BlackElo "2291"]

1.d4 d5 2.c4 c6 3.Nf3 Nf6 4.Qc2 dxc4 5.Qxc4 Bf5 6.g3 e6 7.Bg2 Nbd7 8.O-O Be7
9.Nc3 Ne4 10.e3 O-O 11.Qe2 Ndf6 12.Ne5 Qa5 13.g4 Nxc3 14.bxc3 Be4 15.f3 Bg6
16.e4 Qxc3 17.Bb2 Qa5 18.f4 h6 19.Nxg6 fxg6 20.Qc4 Kh8 21.Qxe6 Rae8 22.Qb3 Nxg4
23.h3 Nf6 24.Qxb7 Ba3 25.Bxa3 Qxa3 26.Rae1 Qc3 27.e5 Nd5 28.Bxd5 Qxd4+ 29.Kh2 Qxd5
30.Qxa7 Ra8 31.Qe3 Rxa2+ 32.Re2 Rxe2+ 33.Qxe2 Ra8 34.Rf2 Ra1 35.Rg2 Ra4 36.e6 Re4
37.e7 Qe6 38.Qc2 Re3 39.Qxg6 Rxh3+  0-1

[Event "XXXVI Capablanca Mem Mixto"]
[Site "Havana CUB"]
[Date "2001.05.08"]
[Round "4"]
[White "Araque,R"]
[Black "Lucena,L"]
[Result "0-1"]
[WhiteElo "2320"]
[BlackElo "2245"]

1.d4 d5 2.Nf3 Nf6 3.c4 c6 4.Qc2 e6 5.g3 Nbd7 6.Nbd2 Be7 7.Bg2 O-O 8.O-O b6
9.e4 Bb7 10.e5 Ne8 11.cxd5 cxd5 12.Re1 Rc8 13.Qd1 Ba6 14.Nf1 Nb8 15.h4 Nc6
16.a3 Na5 17.Ng5 g6 18.Nh2 Ng7 19.Ng4 Nf5 20.Nh3 Kg7 21.Bg5 Rc4 22.Ne3 Bxg5
23.Nxc4 Bxc4 24.Nxg5 Nb3 25.Rb1 Nfxd4 26.Nf3 Nxf3+ 27.Bxf3 b5 28.Re3 Nc5
29.Qd4 Nb3 30.Qd1 Nc5 31.b3 d4 32.Re1 Bd5 33.Qxd4 Nxb3 34.Qe3 Bxf3 35.Rxb3 Bc6
36.Rd3 Qa5 37.Rc1 Bd5 38.Qf4 Qd8 39.Qd4 Qb8 40.Qf4 Qd8 41.Rc5 a6 42.Rc6 Qa8
43.Rc7 Qd8 44.Qc1 h6 45.Qc5 Qa8 46.Qe7 Qd8 47.Rdc3 a5 48.Qc5 Bc4 49.Qd6 Qa8
50.Qc6 Qxc6 51.Rxc6 Rd8 52.f4 Rd2 53.Rb6 a4 54.Rd6 Rb2 55.Rb6 Rb3 56.Rc1 Rxg3+
57.Kf2 Rxa3 58.h5 Ra2+ 59.Ke3 Rg2 60.Ra6 g5 61.fxg5 Rxg5 62.Kd4 Rxh5 63.Ra7 Rg5
64.Rc3 Bd5 65.Rcc7 Rf5 66.Kc3 a3 67.Rxa3 Rxe5  0-1

[Event "ch-LTU"]
[Site "Kaunas LTU"]
[Date "2001.05.11"]
[Round "2"]
[White "Krivousas,T"]
[Black "Sakalauskas,V"]
[Result "1-0"]
[WhiteElo "2131"]
[BlackElo "2437"]

1.d4 d5 2.c4 dxc4 3.Nf3 c6 4.e3 b5 5.a4 e6 6.Nc3 Bb4 7.Bd2 a5 8.axb5 Bxc3
9.Bxc3 cxb5 10.b3 Bb7 11.d5 Nf6 12.bxc4 b4 13.Bxf6 Qxf6 14.Qa4+ Nd7 15.Nd4 e5
16.Nb3 Ke7 17.Be2 Rhc8 18.O-O Nc5 19.Nxc5 Rxc5 20.f4 Qd6 21.Rad1 Rd8 22.Qc2 g6
23.Qe4 f5 24.Qxe5+ Qxe5 25.fxe5 Ba6 26.Rd4 b3 27.e4 b2 28.exf5 gxf5 29.Rb1 Rb8
30.Rh4 Kf7 31.e6+ Kg6 32.e7 Rcc8 33.d6 a4 34.Rh3 Bb5 35.Rxb2 Bd7 36.Bh5+ Kf6
37.Rxb8 Rxb8 38.Re3 f4 39.Re1 a3 40.e8=Q Bxe8 41.Bxe8 a2 42.d7 Kg7 43.Kf2 Rb2+
44.Kf3 Rb1 45.Re7+ Kh6 46.d8=Q  1-0

[Event "TCh-YUG"]
[Site "Herceg Novi YUG"]
[Date "2001.05.14"]
[Round "1"]
[White "Tosic,M"]
[Black "Sedlak,N"]
[Result "1/2-1/2"]
[WhiteElo "2518"]
[BlackElo "2448"]

1.d4 d5 2.c4 c6 3.Nf3 Nf6 4.Qc2 g6 5.Bf4 dxc4 6.Qxc4 Bg7 7.Nc3 b5 8.Qb3 Be6
9.Qc2 b4 10.Na4 Qa5 11.b3 Bf5 12.Qc5 Qxc5 13.Nxc5 Ne4 14.Nxe4 Bxe4 15.Be5 Bxe5
16.Nxe5 Nd7 17.Nxd7 Kxd7 18.f3 Bd5 19.e4 Be6 20.O-O-O Kd6 21.Ba6 Rhb8 22.Rhe1 Rb6
23.Bd3 a5 24.Bc2 a4 25.d5 cxd5 26.bxa4 d4 27.Rxd4+ Ke5 28.Red1 Bxa2 29.Kb2 b3  1/2-1/2

[Event "XXXVI Capablanca Mem Mixto"]
[Site "Havana CUB"]
[Date "2001.05.15"]
[Round "9"]
[White "Lucena,L"]
[Black "Marrero,Y"]
[Result "1/2-1/2"]
[WhiteElo "2245"]
[BlackElo "2208"]

1.Nf3 d5 2.d4 Nf6 3.c4 c6 4.Qc2 e6 5.g3 Be7 6.Bg2 O-O 7.Nbd2 Re8 8.O-O Nbd7
9.e4 dxe4 10.Nxe4 Nxe4 11.Qxe4 Nf6 12.Qe2 Bd7 13.Rd1 Qa5 14.Ne5 Rad8 15.c5 Bc8
16.Qc2 Nd5 17.Be4 f5 18.Bf3 Rf8 19.h4 Bf6 20.Nc4 Qc7 21.Bxd5 Rxd5 22.Bf4 Qd8
23.Bd6 Bxd4 24.Rxd4 Rxd4 25.Qc3 Rd5 26.Bxf8 Qxf8 27.b4 f4 28.Ne5 Qd8 29.Re1 Qf6
30.Kg2 Bd7 31.Re4 fxg3 32.Qxg3 Be8 33.Ng4 Qg6 34.Rf4 Rf5 35.Rd4 h5 36.Ne3 Rf8
37.Qxg6 Bxg6 38.f4 Bb1 39.a3 Ba2 40.Kg3 Bd5 41.Rd2 g6 42.Rf2 b6 43.Rc2 b5
44.Rd2 a5 45.f5 gxf5 46.Kf4 axb4 47.axb4 Kf7 48.Ke5 Ke7 49.Rf2 Rd8 50.Rf1 Be4
51.Ra1 Rd7 52.Ra8 Bf3 53.Rh8 Rd3 54.Rh7+ Ke8 55.Nc2 Rc3 56.Nd4 Re3+ 57.Kd6 e5
58.Ne6 Rd3+ 59.Kxe5 Bd5 60.Ng7+ Kf8 61.Nxf5 Rb3 62.Rxh5 Rxb4 63.Kf6 Rf4 64.Rh7 Re4
65.h5 Re6+ 66.Kg5 Be4 67.Rh8+ Kf7 68.Nd6+ Kg7 69.Rb8 Bd3 70.h6+ Kh7 71.Rb7+ Kg8
72.Rg7+ Kf8 73.Rf7+ Kg8 74.Rg7+ Kf8 75.Rf7+ Kg8  1/2-1/2

[Event "IV It"]
[Site "Santo Antonio POR"]
[Date "2001.05.22"]
[Round "4"]
[White "Ubilava,E"]
[Black "Dias,P"]
[Result "1-0"]
[WhiteElo "2526"]
[BlackElo "2326"]

1.d4 d5 2.c4 c6 3.Nf3 Nf6 4.Qc2 e6 5.Bf4 Nbd7 6.e3 Be7 7.Nc3 a6 8.h3 O-O
9.a3 dxc4 10.Bxc4 b5 11.Be2 Bb7 12.Rd1 Nd5 13.Nxd5 cxd5 14.Bc7 Qe8 15.Qd2 Rc8
16.Rc1 Nb8 17.O-O f6 18.b4 Bc6 19.Bb6 Rf7 20.Rc3 Bd6 21.Rfc1 g5 22.Ne1 Rg7
23.Qd1 Bd7 24.Bc7 Be7 25.Nd3 Nc6 26.Bg3 a5 27.Nc5 axb4 28.axb4 Nxb4 29.Nxd7 Rxc3
30.Nxf6+ Bxf6 31.Rxc3 Rb7 32.Qb1 Nc6 33.Rc5 Na7 34.Qa2 Qd7 35.Qa6 Be7 36.Bg4 Kf7
37.Bxe6+ Qxe6 38.Qxb7  1-0

[Event "IX Guillermo Garcia Mem"]
[Site "Santa Clara CUB"]
[Date "2001.05.23"]
[Round "1"]
[White "Bellon Lopez,JM"]
[Black "Michel Yunis,C"]
[Result "1/2-1/2"]
[WhiteElo "2429"]
[BlackElo "2382"]

1.d4 d5 2.Nf3 c6 3.c4 dxc4 4.e3 b5 5.a4 e6 6.axb5 cxb5 7.b3 Bb4+ 8.Bd2 Bxd2+
9.Nbxd2 a5 10.bxc4 b4 11.Bd3 Nf6 12.Ne5 O-O 13.O-O Bb7 14.f4 Qc7 15.Qc2 Nc6
16.Nb3 Ra7 17.Nc5 Ba8 18.Qf2 g6 19.Qh4 Kg7 20.Rf3 Qe7 21.Rg3 Rc8 22.Bc2 Ng8
23.Qh5 Nxe5 24.Qxe5+ Qf6 25.Ba4 Qxe5 26.fxe5 Ne7 27.Bb5 Bc6 28.Bxc6 Nxc6
29.Na4 Rb8 30.Rf3 b3 31.Rf2 Rb4 32.c5 Rab7 33.Rb2 Ne7 34.Nb6 Nc6 35.Ra3 a4
36.Kf2 R7xb6 37.cxb6 Na5 38.b7 Nxb7 39.Ke2 Na5 40.Kd3 Kf8 41.Rb1 Ke7 42.Kc3 Rc4+
43.Kd3 Rb4 44.Kc3 Rc4+  1/2-1/2

[Event "IX Guillermo Garcia Mem"]
[Site "Santa Clara CUB"]
[Date "2001.05.29"]
[Round "6"]
[White "Arencibia,W"]
[Black "Perez,Rod"]
[Result "1/2-1/2"]
[WhiteElo "2543"]
[BlackElo "2471"]

1.d4 d5 2.c4 c6 3.Nf3 dxc4 4.e3 Be6 5.Nc3 b5 6.a4 b4 7.Ne4 Nf6 8.Ng3 h6 9.Bd2 a5
10.Rc1 Nbd7 11.Bxc4 Bxc4 12.Rxc4 c5 13.dxc5 Rc8 14.Qc2 e6 15.O-O Rxc5 16.e4 Be7
17.Be3 Rxc4 18.Qxc4 O-O 19.Rc1 Qa8 20.e5 Nd5 21.Bd2 f5 22.exf6 Bxf6 23.b3 Bc3
24.Ne4 Rc8 25.Qe2 Bxd2 26.Qxd2 Rxc1+ 27.Qxc1 Qa6 28.g3 Nc3 29.Qe3 Nxe4 30.Qxe4 Nc5
31.Qe3 Qd6 32.Nd2 Qd5 33.h4 Kh8 34.Kf1 Kg8 35.Ke2 e5 36.f3 Kh7 37.Kf2  1/2-1/2

[Event "Open"]
[Site "Estensi ITA"]
[Date "2001.06.02"]
[Round "1"]
[White "Cedikova,K"]
[Black "Ortega,Le"]
[Result "0-1"]
[WhiteElo "2137"]
[BlackElo "2487"]

1.d4 d5 2.c4 c6 3.Nf3 dxc4 4.e3 b5 5.a4 e6 6.b3 Bb4+ 7.Bd2 Bxd2+ 8.Qxd2 a5
9.bxc4 b4 10.Qc2 Nf6 11.Nbd2 c5 12.Bd3 cxd4 13.exd4 Bb7 14.O-O O-O 15.Rfe1 h6
16.h3 Nbd7 17.Re3 Rc8 18.Qb3 e5 19.Nxe5 Nxe5 20.dxe5 Nd7 21.Rae1 Nc5 22.Qc2 Bc6
23.Ne4 Bxa4 24.Nf6+ Qxf6 25.exf6 Bxc2 26.Bxc2 gxf6 27.Rg3+ Kh8 28.Ree3 a4
29.Ref3 Rg8 30.Rxf6 Rxg3 31.Rxh6+ Kg7 32.Rh7+ Kg8 33.fxg3 b3 34.Bf5 a3  0-1

[Event "IHEM"]
[Site "Hamburg GER"]
[Date "2001.06.02"]
[Round "1"]
[White "Buhr,CC"]
[Black "Meier,DG"]
[Result "1-0"]
[WhiteElo "2392"]
[BlackElo "2083"]

1.d4 d5 2.Nf3 Nf6 3.c4 c6 4.Qc2 e6 5.g3 Ne4 6.Bg2 Bd6 7.O-O O-O 8.Nbd2 f5
9.Ne5 Nd7 10.Nd3 Ndf6 11.Nf3 Nh5 12.Nfe5 Bd7 13.f3 Nef6 14.g4 fxg4 15.fxg4 Nxg4
16.Rxf8+ Qxf8 17.Nxg4 Qf5 18.Nge5 Bxe5 19.dxe5 Be8 20.Qc3 Qg4 21.Nf2 Qh4
22.cxd5 cxd5 23.Qh3 Qb4 24.Nd3 Qb6+ 25.Be3 d4 26.Bf2 Bg6 27.Qg4 Rd8 28.Rd1 Qa6
29.Bf3 Qa4 30.b3 Qxa2 31.Qh4  1-0

[Event "White Nights"]
[Site "St Petersburg RUS"]
[Date "2001.06.10"]
[Round "2"]
[White "Akimov,I"]
[Black "Yagupov,I"]
[Result "0-1"]
[WhiteElo "2275"]
[BlackElo "2448"]

1.d4 d5 2.Nf3 Nf6 3.c4 c6 4.Qc2 dxc4 5.Qxc4 Bf5 6.g3 Nbd7 7.Bg2 e6 8.O-O Be7
9.Nc3 O-O 10.e3 b5 11.Qe2 b4 12.Nb1 c5 13.Nbd2 Rc8 14.b3 Ne4 15.Bb2 Nxd2
16.Nxd2 cxd4 17.Bxd4 Bf6 18.Bxf6 Nxf6 19.e4 Bg4 20.f3 Rc2 21.Rfd1 Qd4+ 22.Qf2 Qxf2+
23.Kxf2 Nxe4+ 24.fxe4 Bxd1 25.Rxd1 Rd8 26.Ke3 Rxa2 27.Bf1 Rc2 28.Bb5 g5 29.Ke2 Kg7
30.Ke1 h6 31.Nf1 Rxd1+ 32.Kxd1 Rg2 33.Be2 Kf6 34.Kd2 h5 35.h3 g4 36.hxg4 hxg4
37.Ne3 Rxg3 38.Nxg4+ Kg5 39.Ne5 Kf4 40.Nxf7 Rxb3 41.Bd3 a5 42.Nd8 e5 43.Ne6+ Kf3
44.Nc5 Rb2+ 45.Kc1 Ra2 46.Bc2 Ke3 47.Kb1 Ra3 48.Kb2 Kd4 49.Nb3+ Kc4 50.Bd1 Kb5
51.Be2+ Kc6 52.Bd1 a4 53.Nd2 Kb5 54.Be2+ Kc5 55.Nc4 Rb3+ 56.Ka2 Kd4 57.Nb2 Rh3
58.Bb5 Rh2 59.Kb1 a3 60.Nc4 a2+ 61.Ka1 b3  0-1